00896nam a2200217 a 450000100100000000500170001000800410002704000250006808200200009310000340011324500510014726000610019830000310025950000620029065000270035265000310037904900090041095201240041995201180054399900170066100001288120240530073915.0091118s1986 dr c 001 f spa d aDO-SdBNPbspacBNPHU aRD863.44bP328n1 aPaulino, Aliro,d1931-92975313aLa noche que Trujillo volvio /cAliro Paulino. aSanto Domingo :bMundo Diplomatico Internacional,c1986. a113 p. :bretrs. ;c23 cm. aIncluye datos biográficos del autor en la página 113. 0aNovela dominicana9223 0aLiteratura dominicana.967 aBNPD 0010718PDaPDbPDcCTd2009-11-18iLF1l0oRD863.44 P328np12881-10r2020-06-25te. 2w2020-06-25yLFPDZNo se presta 0010718PDaPDbPDcCTd2009-11-18iLF1l0oRD863.44 P328np12881-20r2020-06-25w2020-06-25yLFPDZNo se presta c12529d12529